<?xml version="1.0" encoding="UTF-8"?>
<record
    xmlns:xsi="http://www.w3.org/2001/XMLSchema-instance"
    xsi:schemaLocation="http://www.loc.gov/MARC21/slim http://www.loc.gov/standards/marcxml/schema/MARC21slim.xsd"
    xmlns="http://www.loc.gov/MARC21/slim">

  <leader>00565nam a2200157Ia 4500</leader>
  <controlfield tag="001">6625</controlfield>
  <controlfield tag="008">260622s9999    xx            000 0 und d</controlfield>
  <datafield tag="020" ind1=" " ind2=" ">
    <subfield code="a">9788899687489</subfield>
  </datafield>
  <datafield tag="245" ind1=" " ind2="0">
    <subfield code="a">&#x631;&#x642;&#x635;&#x629; &#x627;&#x644;&#x641;&#x633;&#x62A;&#x627;&#x646; &#x627;&#x644;&#x623;&#x62D;&#x645;&#x631; &#x627;&#x644;&#x623;&#x62E;&#x64A;&#x631;&#x629;: &#x633;&#x628;&#x639;&#x629; &#x639;&#x642;&#x648;&#x62F; &#x645;&#x646; &#x62A;&#x627;&#x631;&#x64A;&#x62E; &#x627;&#x644;&#x639;&#x631;&#x627;&#x642; &#x627;&#x644;&#x645;&#x639;&#x627;&#x635;&#x631; &#x639;&#x628;&#x631; &#x627;&#x644;&#x63A;&#x646;&#x627;&#x621; &#x648; &#x627;&#x644;&#x645;&#x648;&#x633;&#x64A;&#x642;&#x64A;/ </subfield>
    <subfield code="c">&#x639;&#x644;&#x64A; &#x639;&#x628;&#x62F; &#x627;&#x644;&#x623;&#x645;&#x64A;&#x631;</subfield>
  </datafield>
  <datafield tag="260" ind1=" " ind2=" ">
    <subfield code="a">&#x628;&#x63A;&#x62F;&#x627;&#x62F;&#x61B; </subfield>
    <subfield code="b">&#x645;&#x646;&#x634;&#x648;&#x631;&#x627;&#x62A; &#x627;&#x644;&#x645;&#x62A;&#x648;&#x633;&#x637;&#x61B; </subfield>
    <subfield code="c">2017</subfield>
  </datafield>
  <datafield tag="300" ind1=" " ind2=" ">
    <subfield code="a">558p; </subfield>
    <subfield code="c">21x14cm</subfield>
  </datafield>
  <datafield tag="546" ind1=" " ind2=" ">
    <subfield code="a">Arabic</subfield>
  </datafield>
  <datafield tag="650" ind1=" " ind2=" ">
    <subfield code="a">PJ7501-8517 Arabic literature</subfield>
  </datafield>
  <datafield tag="651" ind1=" " ind2=" ">
    <subfield code="a">Iraq</subfield>
  </datafield>
  <datafield tag="942" ind1=" " ind2=" ">
    <subfield code="c">BK</subfield>
  </datafield>
  <datafield tag="999" ind1=" " ind2=" ">
    <subfield code="c">6625</subfield>
    <subfield code="d">6625</subfield>
  </datafield>
  <datafield tag="952" ind1=" " ind2=" ">
    <subfield code="0">0</subfield>
    <subfield code="1">0</subfield>
    <subfield code="4">0</subfield>
    <subfield code="7">0</subfield>
    <subfield code="8">P</subfield>
    <subfield code="a">SAFL</subfield>
    <subfield code="b">SAFL</subfield>
    <subfield code="d">2026-06-22</subfield>
    <subfield code="l">0</subfield>
    <subfield code="o">PJ7501-8517 98.544</subfield>
    <subfield code="p">6625</subfield>
    <subfield code="r">2026-06-22</subfield>
    <subfield code="w">2026-06-22</subfield>
    <subfield code="y">BK</subfield>
  </datafield>
  <datafield tag="952" ind1=" " ind2=" ">
    <subfield code="0">0</subfield>
    <subfield code="1">0</subfield>
    <subfield code="4">0</subfield>
    <subfield code="7">0</subfield>
    <subfield code="8">P</subfield>
    <subfield code="a">SAFL</subfield>
    <subfield code="b">SAFL</subfield>
    <subfield code="d">2026-06-22</subfield>
    <subfield code="l">0</subfield>
    <subfield code="o">PJ7501-8517 98.544</subfield>
    <subfield code="r">2026-06-22</subfield>
    <subfield code="w">2026-06-22</subfield>
    <subfield code="y">BK</subfield>
  </datafield>
</record>
